Problèmes de mécanique

Збережено в:
Бібліографічні деталі
Автор: Caronnet, T (Автор)
Формат: Книга
Мова:Французька
Опубліковано: París Vuibert 1921
Предмети:
Теги: Додати тег
Немає тегів, Будьте першим, хто поставить тег для цього запису!

MARC

LEADER 00000nam a2200000 a 4500
001 UCT2436
003 CL-VaPUC
008 961011e19210000FR |||||||||||||||||fre|d
082 0 4 |a 531  |b CAR  |2 21 
100 0 |a Caronnet, T  |e author  |9 371465 
245 1 0 |a Problèmes de mécanique 
300 |a 320 p 
942 |c BK 
945 |d 19961011 00:00:00  |a paguirre 
260 |a París  |b Vuibert  |c 1921 
650 0 |a Mecánica   |9 260096 
650 0 |a Física   |9 227844 
650 0 |a Cinemática  |9 260942 
650 0 |a Movimiento  |9 322237 
650 7 |a FUERZAS  |2 CL-VaPUC  |9 360776 
650 0 |a Dinámica  |9 260136 
650 0 |a Estática  |9 260452 
583 |a last modification  |c 19961011 00:00:00  |k Rodrigo Vera 
999 |c 252533  |d 252531